| 000 | 01457cam a22002535a 4500 | ||
|---|---|---|---|
| 001 | L157183 | ||
| 008 | 120914s2012 xxk f 000 0 eng d | ||
| 035 | _a(Sirsi) u157183 | ||
| 041 | 0 | _aeng | |
| 110 | 2 |
_aUnited Kindom _bDepartment for Business, Innovation and Skills _96110 |
|
| 245 | 0 | 0 |
_aNew proposals to boost small businesses that support home buyers and sellers _h[electronic resource] |
| 260 |
_aLondon _bBIS _c2012 |
||
| 490 | 0 |
_aBIS Press Release _v13 September 2012 |
|
| 520 | _aOutlines the Coaltion Government's plans to exempt intermediary agents who host private property sales advertisements but who are not involved in property sales from the Estate Agents Act 1979. The Property Misdescriptions Act 1991, which has been superseded to a great extent by the Consumer Protection from Unfair Trading Regulations 2008 and Business Protection from Misleading Advertising Regulations 2008, will be repealed. | ||
| 590 | _aKA | ||
| 650 | 2 | 4 | _aESTATE AGENTS ACT 1979 |
| 650 | 2 | 4 | _aPROPERTY MISDESCRIPTIONS ACT 1991 |
| 650 | 2 | 4 | _aCONSUMER PROTECTION FROM UNFAIR TRADING REGULATION 2008 |
| 650 | 2 | 4 | _aBUSINESS PROTECTION FROM MISLEADING MARKETING REGULATIONS 2008 |
| 651 | 4 | _aUNITED KINGDOM | |
| 690 |
_aSales _96269 |
||
| 856 | 4 | 0 |
_uhttps://news.bis.gov.uk/Press-Releases/New-proposals-to-boost-small-businesses-that-support-home-buyers-and-sellers-68006.aspx _zView the item free of charge from the www.bis.gov.uk website. |
| 942 | _n0 | ||
| 999 |
_c114642 _d114642 |
||